000 00460nam a22001697a 4500
003 OSt
005 20120302151215.0
008 091007t xxu||||| |||| 00| 0 eng d
035 _a१५००९
040 _cमराठी
100 _aमहाबळ,अनिल
_99221
222 _aपक्षी
245 _aपक्षी
260 _aपुणे
_bजयदीप
_c१५००९
300 _b३० पाने
942 _2ddc
_cBOOK
999 _c494015
_d494012